[Event "Foment Martinenc op-A 20th"]
[Site "Barcelona"]
[Date "2018.05.26"]
[Round "6"]
[White "Diaz Nieto, Alberto"]
[Black "Alcaraz Lopez, Francesco"]
[Result "1/2-1/2"]
[WhiteElo "1887"]
[BlackElo "1812"]
[PlyCount "109"]
[EventDate "2018.04.21"]
[EventType "swiss"]
[EventRounds "9"]
[EventCountry "ESP"]
[SourceTitle "CBM 184 Extra"]
[Source "ChessBase"]
[SourceDate "2018.06.28"]
[SourceVersion "1"]
[SourceVersionDate "2018.06.28"]
[SourceQuality "1"]

1. d4 d6 2. c4 Nf6 3. Nc3 g6 4. e4 Bg7 5. f4 0-0 6. Nf3 c5 7. d5 e6 8. dxe6 Bxe6 9. Bd3 Nc6 10. 0-0 Bg4 11. Be3 Re8 12. h3 Bxf3 13. Qxf3 a6 14. Rae1 Rb8 15. a4 Qc7 16. Kh1 Nb4 17. Bb1 Nd7 18. Bg1 Nb6 19. b3 Nc6 20. Nd5 Nxd5 21. exd5 Nd4 22. Bxd4 Bxd4 23. f5 Qd7 24. Qg3 Rxe1 25. Rxe1 Re8 26. fxg6 hxg6 27. Rf1 Re3 28. Rf3 Rxf3 29. Qxf3 Qe7 30. Qe4 Qg5 31. Qe1 Qf4 32. Be4 Be5 33. Kg1 Kg7 34. Bf3 Qd4+ 35. Kh1 f5 36. Qd1 Qf4 37. Kg1 Qe3+ 38. Kh1 Kf6 39. g4 Qf4 40. Qe2 Qg3 41. Qg2 Qe1+ 42. Qg1 Qc3 43. Qd1 Qb2 44. Qe2 Qxb3 45. gxf5 Qb1+ 46. Kg2 Qxf5 47. Bg4 Qf4 48. Qf3 b6 49. Bc8 a5 50. Qxf4+ Bxf4 51. Kf3 Ke5 52. Ba6 g5 53. Kg4 Bd2 54. h4 gxh4 55. Kxh4 1/2-1/2

[Event "Foment Martinenc op-B 16th"]
[Site "Barcelona"]
[Date "2014.05.10"]
[Round "3"]
[White "Bota Carbo, Jordi"]
[Black "Diaz Nieto, Alberto"]
[Result "1/2-1/2"]
[WhiteElo "1934"]
[BlackElo "2043"]
[PlyCount "82"]
[EventDate "2014.04.26"]
[EventType "swiss"]
[EventRounds "9"]
[EventCountry "ESP"]
[SourceTitle "EXT 2015"]
[Source "ChessBase"]
[SourceDate "2014.11.20"]
[SourceVersion "1"]
[SourceVersionDate "2014.11.20"]
[SourceQuality "1"]

1. d4 d5 2. c4 e5 3. dxe5 d4 4. Nf3 Nc6 5. g3 Bg4 6. Bg2 Nge7 7. 0-0 Qd7 8. Qa4 Ng6 9. Rd1 0-0-0 10. Nc3 Kb8 11. Bg5 Be7 12. Bxe7 Ngxe7 13. Nb5 Bxf3 14. Bxf3 a6 15. Nc3 Nxe5 16. Qb3 Nxf3+ 17. exf3 Qf5 18. Ne4 Nc6 19. Kg2 h5 20. h4 f6 21. Rd2 g5 22. hxg5 fxg5 23. Re1 g4 24. f4 h4 25. Ng5 hxg3 26. fxg3 Rd6 27. Rde2 d3 28. Qc3 dxe2 29. Qxh8+ Rd8 30. Qh7 Qxh7 31. Nxh7 Rd2 32. Nf6 Nd4 33. Nxg4 Rxb2 34. Ne3 Kc8 35. f5 Kd7 36. g4 Rxa2 37. Kg3 Ra3 38. Kf4 Rxe3 39. Kxe3 Nc2+ 40. Kxe2 Nxe1 41. Kxe1 b5 1/2-1/2

[Event "Foment Martinenc op-B 16th"]
[Site "Barcelona"]
[Date "2014.05.03"]
[Round "2"]
[White "Diaz Nieto, Alberto"]
[Black "Aparicio Escudero, Hector F"]
[Result "1-0"]
[WhiteElo "2043"]
[BlackElo "1924"]
[PlyCount "113"]
[EventDate "2014.04.26"]
[EventType "swiss"]
[EventRounds "9"]
[EventCountry "ESP"]
[SourceTitle "EXT 2015"]
[Source "ChessBase"]
[SourceDate "2014.11.20"]
[SourceVersion "1"]
[SourceVersionDate "2014.11.20"]
[SourceQuality "1"]

1. d4 Nf6 2. c4 e6 3. Bg5 Be7 4. e3 0-0 5. Bd3 d5 6. Nc3 Nbd7 7. Nf3 c5 8. Qc2 cxd4 9. exd4 dxc4 10. Bxc4 Qa5 11. 0-0 Re8 12. Rfe1 Nb6 13. Bd3 h6 14. Bd2 Nbd5 15. a3 Bd7 16. Ne5 Nxc3 17. bxc3 Qc7 18. Qc1 Bf8 19. Re3 Bc6 20. g4 Rad8 21. g5 hxg5 22. Rg3 Ne4 23. Bxe4 Bxe4 24. Bxg5 Rc8 25. Qf4 Bf5 26. Bf6 g6 27. Qg5 Bg7 28. Ng4 Bxg4 29. Rxg4 Bxf6 30. Qxf6 Qe7 31. Qf3 b6 32. a4 a6 33. Rb1 Rb8 34. Qd3 Qb7 35. Qe3 Qe7 36. h4 Qf6 37. Qe5 Qxe5 38. dxe5 Rec8 39. c4 Rc5 40. Re4 b5 41. cxb5 axb5 42. f4 Kf8 43. Reb4 Rbc8 44. axb5 Ke8 45. b6 Rb8 46. Kg2 Kd7 47. Kg3 Rc2 48. R1b2 Rxb2 49. Rxb2 Kd8 50. b7 Kd7 51. Kg4 Kd8 52. Kg5 Ke7 53. Rb3 Kd7 54. Kf6 Ke8 55. Rb4 Kf8 56. Rc4 Ke8 57. Rc8+ 1-0

[Event "Barcelona Sant Marti op-B 13th"]
[Site "Barcelona"]
[Date "2011.07.20"]
[Round "8.3"]
[White "Fernandez Aguilar, Francisco"]
[Black "Diaz Nieto, Alberto"]
[Result "1-0"]
[WhiteElo "1918"]
[BlackElo "1948"]
[PlyCount "141"]
[EventDate "2011.07.13"]
[EventType "swiss"]
[EventRounds "9"]
[EventCountry "ESP"]
[SourceTitle "EXT 2024"]
[Source "ChessBase"]
[SourceDate "2023.10.10"]
[SourceVersion "1"]
[SourceVersionDate "2023.10.10"]
[SourceQuality "1"]

1. e4 d5 2. exd5 Qxd5 3. Nf3 Nf6 4. d4 Bg4 5. Be2 Nc6 6. 0-0 e6 7. c4 Qd7 8. Be3 Bd6 9. Nc3 0-0 10. a3 a5 11. Qd2 Rad8 12. Rad1 Rfe8 13. Rfe1 Bf8 14. Qc1 Qc8 15. Nb5 h6 16. Bf4 Re7 17. Rd3 Bf5 18. Rdd1 Red7 19. h3 Bd6 20. Nxd6 cxd6 21. Bxh6 gxh6 22. Qxh6 Nh7 23. g4 Bg6 24. h4 e5 25. h5 Re7 26. hxg6 fxg6 27. d5 Nd4 28. Nxd4 exd4 29. Qxg6+ Kh8 30. Rxd4 Rde8 31. Rd2 Rg7 32. Qh5 Re5 33. Qh4 Rge7 34. f4 Qc5+ 35. Kg2 Re4 36. Qf2 Qc8 37. Rh1 Rg7 38. f5 Qf8 39. Kf1 Qf6 40. Rh3 Qe5 41. Qh2 Rf4+ 42. Bf3 Rxf3+ 43. Rxf3 Qe4 44. Qe2 Qxg4 45. Qe8+ Rg8 46. Qe3 Qxc4+ 47. Ke1 Qc1+ 48. Rd1 Qxb2 49. Qc3+ Qxc3+ 50. Rxc3 Re8+ 51. Kf2 Re5 52. Rf3 Ng5 53. Rh1+ Kg7 54. f6+ Kf7 55. Re3 Rf5+ 56. Ke2 Rxf6 57. Rg1 Rf5 58. Rb3 Rxd5 59. Rxb7+ Kf6 60. Rf1+ Kg6 61. Rb3 Ne6 62. Rg3+ Ng5 63. Rd1 Rxd1 64. Kxd1 Kf5 65. Kc2 Ne6 66. Rg8 Nf4 67. Re8 a4 68. Kc3 Ne6 69. Kb4 Nc5 70. Kb5 Kf6 71. Kc6 1-0

[Event "Barcelona Sant Marti op-B 13th"]
[Site "Barcelona"]
[Date "2011.07.15"]
[Round "3.3"]
[White "Diaz Nieto, Alberto"]
[Black "Minos Constante, Pablo"]
[Result "1-0"]
[WhiteElo "1948"]
[BlackElo "1852"]
[PlyCount "79"]
[EventDate "2011.07.13"]
[EventType "swiss"]
[EventRounds "9"]
[EventCountry "ESP"]
[SourceTitle "EXT 2024"]
[Source "ChessBase"]
[SourceDate "2023.10.10"]
[SourceVersion "1"]
[SourceVersionDate "2023.10.10"]
[SourceQuality "1"]

1. d4 Nf6 2. c4 e6 3. Nc3 Bb4 4. Qc2 0-0 5. Bg5 d5 6. e3 h6 7. Bh4 c5 8. cxd5 cxd4 9. exd4 exd5 10. Bd3 Nc6 11. Nge2 Be6 12. 0-0 Rc8 13. a3 Bd6 14. f4 Na5 15. f5 Bd7 16. Qd2 Be7 17. Rae1 Nc4 18. Qc1 Ng4 19. Bxe7 Qxe7 20. Nf4 Qd6 21. h3 Nf6 22. Bb1 Rfe8 23. Nd3 Qb6 24. Nc5 Bc6 25. b3 Nd6 26. Qf4 Nde4 27. N3xe4 dxe4 28. Kh2 Nd5 29. Qh4 Qc7+ 30. Kh1 e3 31. Ne4 Nc3 32. Nxc3 Bxg2+ 33. Kxg2 Qxc3 34. Re2 Qc6+ 35. Kh2 Qd6+ 36. Qf4 Qxa3 37. f6 Qxb3 38. Rg1 Qc4 39. Rxg7+ Kf8 40. Reg2 1-0

[Event "San Marti op U20 12th"]
[Site "San Marti"]
[Date "2010.07.15"]
[Round "3"]
[White "Ruiz Planas, Adelito"]
[Black "Diaz Nieto, Alberto"]
[Result "0-1"]
[WhiteElo "1847"]
[BlackElo "1957"]
[PlyCount "64"]
[EventDate "2010.07.13"]
[EventType "swiss"]
[EventRounds "9"]
[EventCountry "ESP"]
[SourceTitle "EXT 2012"]
[Source "ChessBase"]
[SourceDate "2011.11.24"]
[SourceVersion "1"]
[SourceVersionDate "2011.11.24"]
[SourceQuality "1"]

1. e4 d5 2. exd5 Qxd5 3. d4 Nf6 4. c4 Qa5+ 5. Nc3 Ne4 6. Qa4+ Qxa4 7. Nxa4 Nc6 8. Bd3 Bf5 9. Nf3 Nd6 10. Bxf5 Nxf5 11. Be3 g6 12. g4 Nxe3 13. fxe3 Nb4 14. Kd2 Bg7 15. a3 Nc6 16. Kc2 a5 17. Rad1 0-0 18. Nc5 b6 19. Nd3 a4 20. Nf4 Na5 21. Nd2 c5 22. d5 b5 23. cxb5 Rab8 24. Rb1 Rxb5 25. b3 axb3+ 26. Nxb3 Nc4 27. a4 Rb4 28. Kd3 Na3 29. a5 c4+ 30. Ke2 cxb3 31. Nd3 Nxb1 32. Nxb4 Nc3+ 0-1

[Event "San Marti op U20 12th"]
[Site "San Marti"]
[Date "2010.07.14"]
[Round "2"]
[White "Diaz Nieto, Alberto"]
[Black "Subirana Santos, Marc"]
[Result "1-0"]
[WhiteElo "1957"]
[BlackElo "1817"]
[PlyCount "89"]
[EventDate "2010.07.13"]
[EventType "swiss"]
[EventRounds "9"]
[EventCountry "ESP"]
[SourceTitle "EXT 2012"]
[Source "ChessBase"]
[SourceDate "2011.11.24"]
[SourceVersion "1"]
[SourceVersionDate "2011.11.24"]
[SourceQuality "1"]

1. d4 Nf6 2. c4 g6 3. Nc3 Bg7 4. e4 d6 5. f4 0-0 6. Nf3 Na6 7. Bd3 c5 8. d5 Bd7 9. 0-0 Nc7 10. Qe1 a6 11. e5 Nfe8 12. Ne4 b5 13. Nfg5 bxc4 14. Qh4 h6 15. Bxc4 Bb5 16. Bxb5 axb5 17. e6 f6 18. Nf7 Rxf7 19. exf7+ Kxf7 20. f5 Ra4 21. fxg6+ Kxg6 22. Qg3+ Kh7 23. Qh3 Kg8 24. Bxh6 Bxh6 25. Qxh6 Qc8 26. Ng5 Rh4 27. Qg6+ Ng7 28. Qf7+ Kh8 29. Qxe7 Nxd5 30. Qxd6 Rd4 31. Rad1 Nf5 32. Qe6 Qxe6 33. Nxe6 Rxd1 34. Rxd1 Nfe3 35. Rd3 c4 36. Rd4 Kg8 37. Kf2 Kf7 38. Nc7 Nxc7 39. Kxe3 Ke6 40. h4 Nd5+ 41. Rxd5 Kxd5 42. h5 Ke6 43. g4 b4 44. Kd4 b3 45. a3 1-0

[Event "Centelles op"]
[Site "Centelles"]
[Date "1996.10.05"]
[Round "5"]
[White "Cubiles Perez, Francesc"]
[Black "Diaz Nieto, Alberto"]
[Result "0-1"]
[WhiteElo "2005"]
[BlackElo "1950"]
[PlyCount "66"]
[EventDate "1996.09.07"]
[EventType "swiss"]
[EventRounds "8"]
[EventCountry "ESP"]
[SourceTitle "EXT 2003"]
[Source "ChessBase"]
[SourceDate "2002.11.25"]
[SourceVersion "1"]
[SourceVersionDate "2002.11.25"]
[SourceQuality "1"]

1. e4 d5 2. Nc3 d4 3. Nce2 e5 4. f4 Nc6 5. Nf3 Bg4 6. fxe5 Bxf3 7. gxf3 Nxe5 8. Ng3 Qh4 9. Bg2 Bd6 10. Qe2 0-0-0 11. d3 Ng6 12. Qf2 N8e7 13. Bd2 Rhe8 14. 0-0-0 f5 15. Qg1 Nf4 16. Kb1 g6 17. Re1 Qf6 18. Ne2 Nxe2 19. Rxe2 Nd5 20. Qc1 f4 21. c4 Ne3 22. c5 Be5 23. b4 Qa6 24. Bxe3 Qxd3+ 25. Qc2 dxe3 26. Rc1 Qd4 27. Qb3 Qd3+ 28. Qxd3 Rxd3 29. Rc4 c6 30. Rcc2 Red8 31. Bh3+ Kc7 32. Be6 R8d4 33. Rc4 Rd1+ 0-1

[Event "Centelles op"]
[Site "Centelles"]
[Date "1996.09.20"]
[Round "3"]
[White "Fernandez Gonzalez, Julio Honor"]
[Black "Diaz Nieto, Alberto"]
[Result "1-0"]
[WhiteElo "2060"]
[BlackElo "1950"]
[PlyCount "69"]
[EventDate "1996.09.07"]
[EventType "swiss"]
[EventRounds "8"]
[EventCountry "ESP"]
[SourceTitle "EXT 2003"]
[Source "ChessBase"]
[SourceDate "2002.11.25"]
[SourceVersion "1"]
[SourceVersionDate "2002.11.25"]
[SourceQuality "1"]

1. d4 d5 2. Nf3 Nf6 3. e3 Bg4 4. c4 c6 5. Qb3 Qb6 6. Qxb6 axb6 7. Nc3 e6 8. Ne5 Bf5 9. Be2 Bd6 10. g4 Bg6 11. Nxg6 hxg6 12. cxd5 exd5 13. h3 Na6 14. a3 Ne4 15. Nxe4 dxe4 16. Bd2 Nb4 17. 0-0-0 Nd5 18. f3 Nf6 19. h4 0-0-0 20. Be1 Rde8 21. Bf2 Kb8 22. Kb1 c5 23. g5 Nh5 24. f4 Rd8 25. Bc4 Rd7 26. dxc5 bxc5 27. Rd5 Rhd8 28. Rhd1 Kc7 29. Bb5 Re7 30. Be1 f6 31. Ba5+ b6 32. Be1 Rf7 33. b4 Rff8 34. bxc5 Bxc5 35. Rxc5+ 1-0

[Event "Terrassa op-B"]
[Site "Terrassa"]
[Date "1996.??.??"]
[Round "7"]
[White "Escudero Sebastian, Adam"]
[Black "Diaz Nieto, Alberto"]
[Result "1/2-1/2"]
[WhiteElo "2035"]
[BlackElo "1950"]
[PlyCount "79"]
[EventDate "1996.07.??"]
[EventType "swiss"]
[EventRounds "9"]
[EventCountry "ESP"]
[SourceTitle "EXT 2002"]
[Source "ChessBase"]
[SourceDate "2001.11.25"]
[SourceVersion "1"]
[SourceVersionDate "2001.11.25"]
[SourceQuality "1"]

1. e4 d5 2. exd5 Nf6 3. d4 Nxd5 4. c4 Nf6 5. Nc3 e5 6. dxe5 Qxd1+ 7. Nxd1 Bb4+ 8. Bd2 Bxd2+ 9. Kxd2 Ne4+ 10. Ke3 Nc5 11. Nc3 Nc6 12. Nd5 Na6 13. f4 Be6 14. a3 0-0-0 15. Rd1 Kb8 16. Be2 Rhe8 17. b4 Ne7 18. Nxe7 Rxd1 19. Bxd1 Rxe7 20. c5 c6 21. Nf3 Nc7 22. Ng5 Bd5 23. Kf2 h6 24. Nf3 Nb5 25. a4 Nc3 26. Bc2 Rd7 27. Re1 Bxf3 28. Kxf3 Rd4 29. Bb3 Nd5 30. Bxd5 cxd5 31. f5 Kc8 32. e6 fxe6 33. fxe6 Kd8 34. Re5 Ke7 35. b5 Rxa4 36. Rxd5 Kxe6 37. Rd6+ Ke7 38. Rg6 Kf7 39. Rd6 Ke7 40. Rg6 1/2-1/2